000 00621nam a2200229Ia 4500
003 OSt
005 20221007071215.0
006 a|||||r|||| 00| 0
007 ta
008 221006b |||||||| |||| 00| 0 eng d
024 _a16,105
037 _cTextual
040 _aFLL
_cFLL
_beng
041 _2eng
_aeng
082 _aX7243:Z2, K4
100 _aGhatalia S.V. Au.
_9688324
245 0 _aLaw and practice of super profits tax
260 _aLondon
_bAllied Pub. London
_c1964
300 _axxii,339p
_ccm.
942 _hX7243:Z2, K4
_cTEXL
_2CC
999 _c1142764
_d1142764